Strategic investment decisions : Theory, practice and process /

Salvato in:
Dettagli Bibliografici
Autore principale: Butler, Richard (Autore)
Natura: Libro
Lingua:inglese
Pubblicazione: London : Routledge, 1993
Edizione:1.vyd.
Soggetti:
Tags: Aggiungi Tag
Nessun Tag, puoi essere il primo ad aggiungerne!!

MARC

LEADER 00000nam a22000003a 4500
001 stu7925
005 20150617225807.4
008 950601s1993----uk------------------eng-d
020 |a 0-415-13075-1 
040 |a STU  |b slo 
041 0 |a eng 
044 |a uk 
080 |a 65.012.2 
080 |a 658.1 
084 |a C0300  |2 INS 
100 1 |a Butler, Richard  |4 aut 
245 1 |a Strategic investment decisions :  |b Theory, practice and process /  |c Aut.: Butler,Richard a kol 
250 |a 1.vyd. 
260 |a London :  |b Routledge,  |c 1993 
300 |a 231 s 
650 7 |a riadenie podniku  |2 stusub 
650 7 |a strategické riadenie  |2 stusub 
650 7 |a prijímanie rozhodnutí  |2 stusub 
650 7 |a modelovanie  |2 stusub 
650 7 |a podnikové hospodárstvo  |2 stusub 
996 |b E79931  |c R*79931  |l RRUM  |s A  |a 24  |w stu7925_0001